Statistiques concernant Les Power Rangers

Cliquez ici pour prendre le quiz!

Statistiques générales

  • Ce quiz a été pris 97 fois
  • Le résultat moyen est 60 sur 158

Statistiques - réponses

RangerPrénom% Correct
S.P.D. JauneZ
76%
Samurai JauneEmily
68%
S.P.D. RougeJack
68%
L'autre galaxie Magna Defender | Samurai VertMike
68%
Dino Tonnerre Noir | Mighty Morphin Vert/Blanc | Turbo Rouge | Zéo RougeTommy
68%
Samurai BleuKevin
64%
Samurai DoréAntonio
63%
Samurai RougeJayden
61%
Samurai RoseMia
59%
Dino Charge RougeTyler
59%
Mighty Morphin Rouge | Zéo DoréJason
58%
Mégaforce Rose | Super Mégaforce RoseEmma
56%
Mégaforce Jaune | Super Mégaforce JauneGia
54%
Mégaforce Noir | Super Mégaforce VertJake
54%
S.P.D. ChatKat
54%
Mégaforce Bleu | Super Mégaforce BleuNoah
54%
Mégaforce Rouge | Super Mégaforce RougeTroy
54%
Dino Charge NoirChase
51%
Dino Charge BleuKoda
49%
Mighty Morphin BleuBilly
47%
Dino Charge RoseShelby
47%
S.P.D. RoseSydney
47%
Force Animale JauneTaylor
47%
Force Mysthique RougeNick
46%
Super Mégaforce ArgentéOrion
46%
Dino Charge VertRiley
46%
S.P.D. BleuSky
46%
Jungle Fury BleuThéo
46%
Mighty Morphin NoirZack
46%
Dino Charge VioletteKendall
44%
Mighty Morphin RoseKimberly
44%
S.P.D. OmégaSam
44%
S.P.D. VertBridge
42%
Dans l'espace Rose | Turbo RoseCassie
42%
Force Animale RougeCole
42%
Force Animale NoirDanny
42%
Dino Charge DoréIvan
42%
L'autre galaxie RougeLéo
42%
Force Mysthique VertXander
42%
Dans l'espace RougeAndros
41%
Jungle Fury RougeCasey
41%
Dino Tonnerre BleuEthan
41%
Dino Tonnerre JauneKira
41%
Force Mysthique RoseVida
41%
Mighty Morphin Noir | Turbo Vert | Zéo VertAdam
39%
La Force du Temps RoseJen
39%
Jungle Fury JauneLily
39%
Force Animale BleuMax
39%
Dino Tonnerre BlancTrent
39%
Mighty Morphin JauneTrini
39%
Force Mysthique JauneChip
37%
Force Mysthique BleueMadison
37%
Dans l'espace Bleu | Turbo RougeT.J
37%
Turbo BleuJustin
36%
L'autre galaxie JauneMaya
36%
Jungle Fury LoupR.J.
36%
Mighty Morphin Rouge | Zéo BleuRocky
36%
Opération Overdrive RoseRose
36%
Ninja Steel RoseSarah
36%
La Force du Temps RougeWes
36%
Opération Overdrive NoirWill
36%
Mighty Morphin JauneAisha
34%
Ninja Steel RougeBrody
34%
Force Cyclone Samurai VertCam
34%
Force Mysthique DoréDaggeron
34%
Mighty Morphin Rose | Turbo Rose | Zéo RoseKatherine
34%
Opération Overdrive RougeMac
34%
Force Mysthique BlancheUdonna
34%
Cosmic Fury Zénith | Dino Fury RougeZayto
34%
Cosmic Fury Rouge | Dino Fury RoseAmélia
32%
Ninja Steel JauneCalvin
32%
Dino Tonnerre RougeConner
32%
Sauvetage Eclair RoseDana
32%
Sauvetage Eclair VertJoel
32%
L'autre galaxie BleuKai
32%
La Force du Temps BleuLucas
32%
Ninja Steel BleuPreston
32%
Force Cyclone RougeShane
32%
Force Cyclone BleueTori
32%
La Force du Temps VertTrip
32%
Force Animale BlancheAlyssa
31%
Dans l'espace Noir | Turbo VertCarlos
31%
Sauvetage Eclair BleuChad
31%
Opération Overdrive BleuDax
31%
La Force du Temps TitaniumEric
31%
L'autre galaxie RoseKendrix
31%
Cosmic Fury Bleu | Dino Fury BleuOllie
31%
Dino Charge GraphitePhilipp
31%
Sauvetage Eclair QuantumRyan
31%
Dino Charge ArgentéZenowing
31%
Force Cyclone Tonnerre BleuBlake
29%
Sauvetage Eclair RougeCarter
29%
L'autre galaxie VertDamon
29%
Jungle Fury RhinocérosDominic
29%
Force Cyclone JauneDustin
29%
Ninja Steel BlancheHayley
29%
Dino Charge AquatiqueJames
29%
Ninja Steel DoréLévi
29%
Force Animale LoupMerrick
29%
Beast Morphers BleuRavi
29%
S.P.D. OmbreAnubis
27%
Dans l'espace Jaune | Turbo JauneAshley
27%
RPM DoréGem
27%
RPM ArgentéeGemma
27%
Force Cyclone Tonnerre RougeHunter
27%
Cosmic Fury Verte | Dino Fury VerteIzzy
27%
Cosmic Fury Noir | Dino Fury NoirJavi
27%
La Force du Temps JauneKatie
27%
Sauvetage Eclair JauneKelsey
27%
Turbo Jaune | Zéo JauneTanya
27%
Dans l'espace ArgentéZhane
27%
RPM VertZiggy
27%
La Force du Temps RougeAlex
25%
L'autre galaxie RoseKarone
25%
Opération Overdrive JauneRonny
25%
RPM RougeScott
25%
RPM JauneSummer
25%
Cosmic Fury Doré | Dino Fury DoréAiyon
24%
Alien RougeAurico
24%
RPM NoirDillon
24%
Dino Charge ObscurHeckyl
24%
Alien BlancheDelphine
22%
Beast Morphers RougeDevon
22%
RPM BleuFlynn
22%
Beast Morphers DoréNate
22%
Opération Overdrive MercureTyzonn
22%
Cosmic Fury OrangeFern
20%
Beast Morphers ArgentéSteel
20%
Beast Morphers JauneZoey
20%
Alien BleuCestro
19%
Alien NoirCorcus
19%
Alien JauneTideus
19%

Distribution des résultats

Percentile par nombre de réponses

% des personnes avec chaque résultat

Votre développement - résultats

Vous n’avez pas pris ce quiz